000 00722nam a22002057a 4500
999 _c11011
_d11011
003 AR-CdUCM
008 190402b ||||| |||| 00| 0 spa d
020 _a9972-625-00-5
040 _aMUNICIPALIDAD PROVINCIAL DEL CUSCO
_cBIBLIOTECA MUNICIPAL DEL CUSCO
082 _aES / 463 /
_bL55 /
245 _aLexus multidiccionario /
260 _aPerú :
_bLexus editores.
300 _a1024 páginas ;
_c27 cm.
505 _aContenido: Diccionario de sinónimos -- diccionario plurilingue -- Voces extranjeras de uso común -- Diccionario de frases celebres...
650 _aSinónimos
_927240
650 _aDiccionario español - ingles
_928119
650 _aEnciclopedia
_918075
942 _2ddc
_cLIBROS
945 _adavv